Statistics for Lionel Messi Quiz

Click here to take the quiz!

General Stats

  • This quiz has been taken 158 times
  • The average score is 9 of 9

Answer Stats

HintAnswer% Correct
Which number shirt did Messi wear at Barcelona?10
100%
How many times did Messi win the league with Barcelona?10 times
100%
How many times has Lionel Messi won the Ballon d'Or trophy?8 times
100%
Which team in the MLS did Messi join?Inter Miami
99%
How old was Messi when he made his debut for Barcelona?17
98%
Which country was Messi born in?Argentina
98%
Which player did Messi play alongside at PSG and Barcelona?Neymar Jr
98%
Which rating is Messi in EA FC 24?90 rated
94%
Which ex-footballer was Messi's idol growing up?Diego Maradona
82%

Score Distribution

Percentile by Number Answered

Percent of People with Each Score

Your Score History

You have not taken this quiz